000 00256nam a2200109Ia 4500
008 240625s9999 xx 000 0 und d
041 _aeng
082 _a658.8 HUT
100 _aHUTT MICHAEL D
245 _aBUSINESS MARKETING MANAGEMENT B2B
260 _c2012
999 _c38188
_d38188